000 00713nam a2200181Ia 4500
008 151202s9999||||xx |||||||||||||| ||und||
082 _bPNVM-79406
100 _aहरकारे अरूण.
245 _aकर्तृत्त्ववान पोलिस अधिकारी.
260 _b"कल्पना बुक डीलर्स,पुणे."
260 _c2013
300 _a160
600 _aहरकारे अरूण.
630 _aकर्तृत्त्ववान पोलिस अधिकारी.
700 _aहरकारे अरूण.
730 _aकर्तृत्त्ववान पोलिस अधिकारी.
942 _cBOOK
999 _c1344015
_d1344012